[Event "ch-city  open-A"]
[Site "Warszawa"]
[Date "2011.05.09"]
[Round "3.1"]
[White "Deszczynski, Adam"]
[Black "Grabarczyk, Miroslaw"]
[Result "1/2-1/2"]
[WhiteElo "2366"]
[BlackElo "2445"]
[PlyCount "74"]
[EventDate "2011.05.07"]
[EventRounds "9"]
[EventCountry "POL"]

1. e4 e5 2. Nf3 Nf6 3. Nc3 Nc6 4. g3 Bb4 5. Bg2 Bxc3 6. dxc3 O-O 7. O-O d6 8.
Re1 h6 9. c4 a6 10. Qd3 Be6 11. b3 Nd7 12. Be3 Nc5 13. Qd1 Nxe4 14. Nxe5 Nxf2
15. Nxc6 Nxd1 16. Nxd8 Nxe3 17. Rxe3 Raxd8 18. Bxb7 a5 19. Bd5 Bxd5 20. cxd5
Rfe8 21. Rae1 Kf8 22. Kf2 Rxe3 23. Rxe3 Rb8 24. Rc3 Rb5 25. Rxc7 Rxd5 26. Ke3
Rh5 27. h4 g5 28. hxg5 Rxg5 29. Kf4 Rd5 30. Ra7 Rc5 31. Ke4 Re5+ 32. Kd4 Rg5
33. c4 Ke8 34. Ke4 h5 35. Kf4 Rc5 36. Ke4 Rg5 37. Kf4 Rc5 1/2-1/2

[Event "ch-city  open-A"]
[Site "Warszawa"]
[Date "2011.05.09"]
[Round "3.2"]
[White "Leniart, Arkadiusz"]
[Black "Kukawski, Maciej"]
[Result "1-0"]
[WhiteElo "2444"]
[BlackElo "2328"]
[PlyCount "113"]
[EventDate "2011.05.07"]
[EventRounds "9"]
[EventCountry "POL"]

1. c4 c5 2. Nc3 Nf6 3. g3 d5 4. cxd5 Nxd5 5. Bg2 Nc7 6. d3 e5 7. Qb3 Nc6 8.
Bxc6+ bxc6 9. Nf3 f6 10. Qa4 Be7 11. Qxc6+ Bd7 12. Qe4 O-O 13. Nd5 Bd6 14. Nxc7
Qxc7 15. O-O Kh8 16. Qc4 Bc6 17. b3 Rac8 18. Nd2 f5 19. Qc3 Ba8 20. Nc4 f4 21.
Bb2 Rf5 22. e4 Rh5 23. g4 Rg5 24. f3 h5 25. h4 Rg6 26. Nxd6 Qxd6 27. Qxe5 hxg4
28. Qxd6 Rxd6 29. Rad1 Rcd8 30. fxg4 Bxe4 31. Rxf4 Bxd3 32. Rf7 Rg6 33. g5 a6
34. Rf3 Rgd6 35. Rf7 Rg6 36. Kf2 Rd5 37. h5 Rgxg5 38. h6 Be4 39. Bxg7+ Kg8 40.
Rf8+ Kh7 41. Rxd5 Bxd5 42. Rh8+ Kg6 43. Rd8 c4 44. b4 c3 45. Bxc3 Bxa2 46. Rd6+
Kh7 47. Rxa6 Bf7 48. Rf6 Bc4 49. Bd2 Re5 50. Be3 Rb5 51. Bd2 Re5 52. Kf3 Bd5+
53. Kf4 Re4+ 54. Kg5 Re2 55. Bf4 Rb2 56. Rd6 Rg2+ 57. Kf5 1-0

[Event "ch-city  open-A"]
[Site "Warszawa"]
[Date "2011.05.09"]
[Round "3.3"]
[White "Adamski, Andrzej"]
[Black "Przedmojski, Rafal"]
[Result "1/2-1/2"]
[WhiteElo "2270"]
[BlackElo "2370"]
[PlyCount "124"]
[EventDate "2011.05.07"]
[EventRounds "9"]
[EventCountry "POL"]

1. e4 c6 2. d4 d5 3. Nc3 a6 4. Nf3 Bg4 5. h3 Bxf3 6. Qxf3 e6 7. Bd3 Nf6 8. O-O
Bb4 9. e5 Nfd7 10. Qg3 g6 11. Ne2 Be7 12. c3 c5 13. Bh6 Bf8 14. Qe3 Nc6 15.
Bxf8 Kxf8 16. f4 c4 17. Bc2 Kg7 18. g4 f5 19. exf6+ Qxf6 20. Rae1 Rae8 21. Ng3
Re7 22. Qf3 Rhe8 23. Kg2 b5 24. Rf2 Nb6 25. h4 Kf8 26. h5 Rf7 27. g5 Qg7 28.
Qg4 Nd8 29. Rh1 Nc8 30. hxg6 hxg6 31. Rh6 Ne7 32. Qf3 Nf5 33. Bxf5 exf5 34.
Qxd5 Rfe7 35. Qc5 Nf7 36. Rh1 Kg8 37. Nf1 Re6 38. d5 Rd6 39. Rd2 Re4 40. Rh4
Qf8 41. Ng3 Nxg5 42. Nxe4 Nxe4 43. Qd4 Qg7 44. Qxg7+ Kxg7 45. Rd4 Nf6 46. Rh1
Nxd5 47. Kf3 Kf6 48. Re1 Re6 49. Rxe6+ Kxe6 50. Kg3 Nb6 51. Kh4 Na4 52. Rd2 Nc5
53. Rd8 Nd3 54. Ra8 Nxf4 55. Rxa6+ Kd5 56. a4 bxa4 57. Ra5+ Ke4 58. Rxa4 Kd3
59. b3 Ng2+ 60. Kg3 Ne3 61. bxc4 Nxc4 62. Kf4 Nb6 1/2-1/2

[Event "ch-city  open-A"]
[Site "Warszawa"]
[Date "2011.05.09"]
[Round "3.5"]
[White "Zurkowski, Andrzej"]
[Black "Sznapik, Aleksander"]
[Result "0-1"]
[WhiteElo "2106"]
[BlackElo "2422"]
[PlyCount "82"]
[EventDate "2011.05.07"]
[EventRounds "9"]
[EventCountry "POL"]

1. d4 Nf6 2. c4 c5 3. d5 b5 4. cxb5 a6 5. b6 Qxb6 6. Nc3 d6 7. e4 g6 8. Bd3 Bg7
9. Nge2 O-O 10. O-O Nbd7 11. h3 Rb8 12. Rb1 a5 13. Kh1 Ba6 14. f4 Ne8 15. Be3
Nc7 16. Qd2 Bxd3 17. Qxd3 Qa6 18. Qc2 Rb4 19. a3 Rb7 20. Rbd1 Rfb8 21. Bc1 Qc4
22. Qd3 Qxd3 23. Rxd3 Rb3 24. e5 Nb5 25. exd6 exd6 26. Rff3 Nxc3 27. Nxc3 c4
28. Rde3 Nc5 29. Nd1 Rd3 30. Rxd3 Nxd3 31. Bd2 a4 32. Bc3 Bxc3 33. Nxc3 Nxb2
34. Ne4 Nd3 35. Kh2 Rb3 36. f5 c3 37. Nf6+ Kg7 38. Ne8+ Kf8 39. fxg6 hxg6 40.
Nxd6 c2 41. Rxf7+ Kg8 0-1

[Event "ch-city  open-A"]
[Site "Warszawa"]
[Date "2011.05.09"]
[Round "3.6"]
[White "Strzemiecki, Zbigniew"]
[Black "Grochulski, Grzegorz"]
[Result "1-0"]
[WhiteElo "2422"]
[BlackElo "2057"]
[PlyCount "105"]
[EventDate "2011.05.07"]
[EventRounds "9"]
[EventCountry "POL"]

1. e4 c5 2. Nf3 Nf6 3. Nc3 Nc6 4. d4 d5 5. exd5 Nxd5 6. dxc5 Nxc3 7. Qxd8+ Nxd8
8. bxc3 f6 9. Nd4 a6 10. Be3 e5 11. Nb3 Ne6 12. Bc4 Bd7 13. Bd5 Rc8 14. Bxb7
Rc7 15. Bxa6 Nxc5 16. Bxc5 Bxc5 17. a4 Ke7 18. Bd3 Ba7 19. c4 Be6 20. Nd2 Bd4
21. Ra2 Ra8 22. Ke2 Rca7 23. Nb3 Rxa4 24. Rxa4 Rxa4 25. Nxd4 exd4 26. Bxh7 f5
27. Kd2 Kf6 28. h4 Rxc4 29. h5 Bf7 30. Rh3 Rc5 31. h6 g6 32. Bxg6 Bxg6 33. h7
Bxh7 34. Rxh7 Ke5 35. Re7+ Kd6 36. Re8 Kd5 37. Ra8 Ke5 38. Rf8 Ke4 39. Rh8 Ke5
40. Rh5 Kd6 41. Kd3 Ke5 42. Kd2 Kd6 43. Rg5 Ke5 44. g4 Rc8 45. Rxf5+ Ke6 46. f3
Rc4 47. Kd3 Ra4 48. f4 Rb4 49. Re5+ Kd6 50. g5 Ra4 51. g6 Rb4 52. g7 Rb8 53.
Rg5 1-0

[Event "ch-city  open-A"]
[Site "Warszawa"]
[Date "2011.05.09"]
[Round "3.8"]
[White "Eggink, Mateusz"]
[Black "Przezdziecka, Marta"]
[Result "0-1"]
[WhiteElo "1973"]
[BlackElo "2245"]
[PlyCount "65"]
[EventDate "2011.05.07"]
[EventRounds "9"]
[EventCountry "POL"]

1. e4 c5 2. Nf3 d6 3. d4 cxd4 4. Nxd4 Nf6 5. Nc3 Nc6 6. Bc4 e6 7. Be3 Be7 8. f3
O-O 9. Qd2 Qc7 10. O-O a6 11. Be2 b5 12. a4 b4 13. Na2 Nxd4 14. Bxd4 a5 15. c3
e5 16. Be3 b3 17. Nc1 Be6 18. Qd1 Rab8 19. Bb5 d5 20. Nxb3 dxe4 21. Kh1 exf3
22. gxf3 Rfd8 23. Nd2 Nd5 24. Qe2 Nxe3 25. Qxe3 h6 26. Rg1 Kh7 27. Rg2 f5 28.
Rag1 g5 29. Re1 Bf6 30. b4 axb4 31. cxb4 Rd4 32. Nb3 f4 33. Qf2 0-1

[Event "ch-city  open-A"]
[Site "Warszawa"]
[Date "2011.05.09"]
[Round "3.9"]
[White "Alvarado, Carlos"]
[Black "Liberadzki, Slawomir"]
[Result "1/2-1/2"]
[WhiteElo "2203"]
[BlackElo "2050"]
[PlyCount "127"]
[EventDate "2011.05.07"]
[EventRounds "9"]
[EventCountry "POL"]

1. d4 d5 2. Nf3 Nf6 3. c4 e6 4. Nc3 c5 5. cxd5 Nxd5 6. e4 Nxc3 7. bxc3 cxd4 8.
cxd4 Nc6 9. Bc4 b5 10. Bd3 Be7 11. O-O a6 12. Bb2 O-O 13. Qe2 Bb7 14. Rfd1 Re8
15. Qe3 Rc8 16. a3 Na5 17. Qf4 Nc4 18. Bxc4 bxc4 19. Bc3 Qd6 20. Qe3 Qc6 21.
Nd2 Bf6 22. f3 Red8 23. Nf1 Be7 24. Ng3 e5 25. Nf5 Bf8 26. Qg5 Qg6 27. Ne7+
Bxe7 28. Qxe7 exd4 29. Rxd4 Rxd4 30. Bxd4 Bc6 31. Bc3 Qe6 $11 32. Qa7 Ba4 33.
Rb1 Bb3 34. Qd4 f6 35. Rb2 Qe7 36. Qd5+ Kh8 37. Qa5 Qc5+ 38. Qxc5 Rxc5 39. Kf2
Kg8 40. Rd2 a5 41. Ke3 a4 42. Rd7 Rg5 43. g4 Rb5 44. h4 Ba2 45. Bb4 h5 46. Ra7
hxg4 47. fxg4 Bb3 48. Bc3 Bc2 49. Kd4 Re5 50. g5 Rxe4+ 51. Kd5 Rxh4 52. gxf6
gxf6 53. Bxf6 Rh3 54. Rg7+ Kf8 55. Rc7 Bb3 56. Kd4 Rf3 57. Be7+ Ke8 58. Bb4 Kd8
59. Rc5 Kd7 60. Ke5 Re3+ 61. Kd4 Rh3 62. Ke5 Rh5+ 63. Kd4 Rxc5 64. Kxc5 1/2-1/2

[Event "ch-city  open-A"]
[Site "Warszawa"]
[Date "2011.05.09"]
[Round "3.11"]
[White "Nowicki, Bartosz"]
[Black "Potocki, Karol"]
[Result "0-1"]
[WhiteElo "2138"]
[BlackElo "1894"]
[PlyCount "78"]
[EventDate "2011.05.07"]
[EventRounds "9"]
[EventCountry "POL"]

1. e4 e5 2. f4 exf4 3. Bc4 Nf6 4. Nc3 c6 5. d4 Bb4 6. Bd3 d5 7. e5 Bg4 8. Nge2
Nh5 9. O-O f3 10. gxf3 Bh3 11. Rf2 Qh4 12. Be3 Nd7 13. Qd2 f6 14. a3 Be7 15. f4
O-O-O 16. Kh1 fxe5 17. fxe5 Rdf8 18. Ng1 Bg4 19. Kg2 g5 20. Raf1 Nf4+ 21. Bxf4
gxf4 22. Rxf4 Rfg8 23. Kh1 Bg5 24. Qf2 Qh5 25. Rxg4 Qxg4 26. Bf5 Qh5 27. e6 Nf6
28. Qg3 b6 29. Qd6 Kb7 30. Nf3 Rg7 31. Ne5 Rc8 32. Nf7 Be3 33. Qe7+ Kb8 34. h3
Rg1+ 35. Rxg1 Qf3+ 36. Rg2 Qf1+ 37. Kh2 Bf4+ 38. Rg3 Qf2+ 39. Kh1 Qxg3 0-1

[Event "ch-city  open-A"]
[Site "Warszawa"]
[Date "2011.05.09"]
[Round "3.13"]
[White "Eggink, Ryszard"]
[Black "Pastuszko, Kinga"]
[Result "1-0"]
[WhiteElo "1914"]
[BlackElo "1862"]
[PlyCount "85"]
[EventDate "2011.05.07"]
[EventRounds "9"]
[EventCountry "POL"]

1. e4 d5 2. exd5 Qxd5 3. Nc3 Qa5 4. d4 Nf6 5. Nf3 Nc6 6. Be2 Bg4 7. O-O O-O-O
8. Ng5 Bxe2 9. Nxe2 Qd5 10. b3 e5 11. c4 Qd7 12. d5 h6 13. Nf3 e4 14. Nfd4 Nxd4
15. Qxd4 b6 16. a4 Bc5 17. Qc3 a5 18. Be3 Bxe3 19. fxe3 Qd6 20. Nd4 Ng4 21. Rf4
h5 22. Nf5 Qc5 23. Rxe4 Rhe8 24. Rxe8 Rxe8 25. Re1 g6 26. Nd4 Qd6 27. Nf3 Qc5
28. Qd4 Qxd4 29. exd4 Rxe1+ 30. Nxe1 Ne3 31. Kf2 Nf5 32. Nf3 f6 33. Ke2 Kd7 34.
Kd3 Kd6 35. Ke4 Kd7 36. c5 Ke7 37. Nd2 Nh4 38. g3 Nf5 39. Nc4 Kd7 40. cxb6 Nd6+
41. Kd3 c6 42. Nxd6 Kxd6 43. b7 1-0

[Event "ch-city  open-A"]
[Site "Warszawa"]
[Date "2011.05.09"]
[Round "3.15"]
[White "Gluszko, Monika"]
[Black "Sujkowski, Pawel"]
[Result "1-0"]
[WhiteElo "2040"]
[BlackElo "2000"]
[PlyCount "63"]
[EventDate "2011.05.07"]
[EventRounds "9"]
[EventCountry "POL"]

1. e4 e6 2. d4 d5 3. Nc3 Nf6 4. Bg5 Be7 5. e5 Nfd7 6. h4 Nc6 7. Qg4 f6 8. Bf4
fxe5 9. dxe5 O-O 10. Nf3 Bb4 11. Bd3 Bxc3+ 12. bxc3 Nc5 13. Rh3 Nxd3+ 14. cxd3
Qe7 15. Rg3 Kh8 16. h5 Bd7 17. Nh4 Be8 18. d4 Qf7 19. Be3 Ne7 20. O-O-O Rg8 21.
Rh1 Qxh5 22. Qxe6 Qe2 23. Qxe7 Qxa2 24. Rgh3 Qa1+ 25. Kd2 Qb2+ 26. Ke1 Qb1+ 27.
Ke2 Qc2+ 28. Kf3 h5 29. Qg5 Qe4+ 30. Kg3 Qh7 31. Ng6+ Bxg6 32. Rxh5 1-0

[Event "ch-city  open-A"]
[Site "Warszawa"]
[Date "2011.05.09"]
[Round "3.16"]
[White "Piotrowski, Arkadiusz"]
[Black "Kuciel, Wladyslaw"]
[Result "1/2-1/2"]
[WhiteElo "1919"]
[BlackElo "2030"]
[PlyCount "181"]
[EventDate "2011.05.07"]
[EventRounds "9"]
[EventCountry "POL"]

1. e4 c5 2. Nf3 d6 3. b3 Nc6 4. Bb2 e5 5. Bb5 Nge7 6. O-O Bg4 7. h3 Bh5 8. Nc3
a6 9. Bc4 Nd4 10. Nxe5 dxe5 11. Qxh5 Ng6 12. Rac1 Bd6 13. Nd5 b5 14. Bd3 O-O
15. c3 Ne6 16. g3 Rc8 17. c4 b4 18. h4 Be7 19. Bxe5 Nxe5 20. Qxe5 Bf6 21. Qh5
Bd4 22. Kg2 g6 23. Qg4 h5 24. Qh3 Rc6 25. f4 Ng7 26. e5 f5 27. Be2 a5 28. Bf3
Ra6 29. Bd1 Ra7 30. Kh2 Ne6 31. Rb1 Kg7 32. Qg2 Qc8 33. Qe2 Rh8 34. Qd3 Rd8 35.
Qc2 Qb8 36. Bf3 Rf7 37. Rbe1 Rh8 38. Kh3 Ra7 39. Ne3 Rd7 40. Bd5 Qe8 41. Bxe6
Qxe6 42. Nd5 Ra7 43. Qd3 Rd8 44. Qf3 Rc8 45. Ne3 a4 46. Qd5 Qb6 47. Qf3 axb3
48. axb3 Ra2 49. Rf2 Rb8 50. Rfe2 Rb7 51. Nd5 Qe6 52. d3 Ra3 53. Rb1 Rba7 54.
Ne3 Rd7 55. Nc2 Raa7 56. Nxd4 Rxd4 57. Rbb2 Rad7 58. Red2 Qb6 59. Rb1 Qb8 60.
Rbd1 Qb6 61. Kg2 Ra7 62. Kf2 Ra3 63. Rb2 Qa6 64. Qe2 Kf7 65. Ke1 Ke6 66. Qf3
Kf7 67. Qg2 Qe6 68. Qb7+ Rd7 69. Qf3 Kg7 70. Kd2 Ra6 71. Kc2 Rda7 72. Rdb1 Rd7
73. Qe2 Kf7 74. Kd2 Ra3 75. Ke3 Qc6 76. Qg2 Rxd3+ 77. Kxd3 Rxb3+ 78. Rxb3 Qxg2
79. Rd1 Qe4+ 80. Kd2 Qxc4 81. Rd3 b3 82. Ke3 Kg7 83. Rd8 Qc3+ 84. R8d3 Qb4 85.
Rd8 Kf7 86. R1d7+ Ke6 87. Rd6+ Ke7 88. R8d7+ Ke8 89. Rd8+ Ke7 90. R8d7+ Ke8 91.
Rd8+ 1/2-1/2

[Event "ch-city  open-A"]
[Site "Warszawa"]
[Date "2011.05.10"]
[Round "4.1"]
[White "Grabarczyk, Miroslaw"]
[Black "Leniart, Arkadiusz"]
[Result "1/2-1/2"]
[WhiteElo "2445"]
[BlackElo "2444"]
[PlyCount "27"]
[EventDate "2011.05.07"]
[EventRounds "9"]
[EventCountry "POL"]

1. d4 Nf6 2. c4 g6 3. Nf3 Bg7 4. g3 d5 5. cxd5 Nxd5 6. Bg2 Nb6 7. O-O Nc6 8. e3
O-O 9. Nc3 Re8 10. d5 Na5 11. Nd4 Bd7 12. Nb3 Nxb3 13. axb3 c6 14. e4 $11
1/2-1/2

[Event "ch-city  open-A"]
[Site "Warszawa"]
[Date "2011.05.10"]
[Round "4.3"]
[White "Adamski, Andrzej"]
[Black "Deszczynski, Adam"]
[Result "0-1"]
[WhiteElo "2270"]
[BlackElo "2366"]
[PlyCount "146"]
[EventDate "2011.05.07"]
[EventRounds "9"]
[EventCountry "POL"]

1. d4 Nf6 2. c4 g6 3. Nc3 Bg7 4. e4 d6 5. Nf3 O-O 6. Be2 Nbd7 7. O-O e5 8. d5
Nc5 9. Qc2 a5 10. h3 Bd7 11. b3 Nh5 12. a3 f5 13. Bg5 Qc8 14. b4 Nxe4 15. Nxe4
fxe4 16. Nd2 Nf4 17. Qxe4 Bxh3 18. Bxf4 Rxf4 19. Qe3 Bd7 20. g3 Rf7 21. Ne4 Qf8
22. Kg2 Bh6 23. Qd3 Bf5 24. f3 Qe7 25. Rh1 Bg5 26. Qc3 b6 27. c5 axb4 28. axb4
Rxa1 29. Rxa1 bxc5 30. bxc5 Bxe4 31. fxe4 Qf8 32. Rf1 Rxf1 33. Bxf1 h5 34. cxd6
cxd6 35. Ba6 Kg7 36. Qc8 Qf6 37. Qe6 Qf8 38. Qc8 Bd8 39. Bb5 Qf6 40. Qe6 Qg5
41. Be8 Bf6 42. Kh3 Kh6 43. Bf7 Qc1 44. Kh2 Qd2+ 45. Kg1 Qe1+ 46. Kh2 Qf2+ 47.
Kh1 Qf1+ 48. Kh2 Qe2+ 49. Kg1 Kg5 50. Qxd6 Qe3+ 51. Kh2 Qf2+ 52. Kh1 Qxg3 53.
Qb4 Qh3+ 54. Kg1 Qe3+ 55. Kf1 Kf4 56. Qe1 Qh3+ 57. Ke2 Qe3+ 58. Kf1 Qxe1+ 59.
Kxe1 Kg5 60. d6 Kh6 61. Kf2 g5 62. Be6 g4 63. d7 Kg5 64. Ke3 Bd8 65. Bf7 Bb6+
66. Ke2 h4 67. Kf1 h3 68. Be6 Kh4 69. Bc4 g3 70. d8=Q+ Bxd8 71. Kg1 Bb6+ 72.
Kh1 g2+ 73. Kh2 g1=Q# 0-1

[Event "ch-city  open-A"]
[Site "Warszawa"]
[Date "2011.05.10"]
[Round "4.4"]
[White "Sznapik, Aleksander"]
[Black "Kukawski, Maciej"]
[Result "1/2-1/2"]
[WhiteElo "2422"]
[BlackElo "2328"]
[PlyCount "103"]
[EventDate "2011.05.07"]
[EventRounds "9"]
[EventCountry "POL"]

1. e4 e5 2. Nf3 Nc6 3. Bb5 a6 4. Ba4 Nf6 5. d3 d6 6. c3 g6 7. O-O Bg7 8. Re1
O-O 9. Nbd2 h6 10. Nf1 b5 11. Bb3 d5 12. Be3 Be6 13. Qc1 Kh7 14. Ng3 Ng8 15.
Bc5 Re8 16. a4 Na5 17. Bc2 Nb7 18. Qe3 Nxc5 19. Qxc5 Qd6 20. Qxd6 cxd6 21. Bb3
Ne7 22. d4 dxe4 23. Bxe6 exf3 24. Bxf7 Rf8 25. Bb3 Rab8 26. Bd1 fxg2 27. axb5
Rxb5 28. b4 Rb6 29. Kxg2 Nd5 30. Ne2 exd4 31. Nxd4 Bxd4 32. cxd4 Rxb4 33. Rxa6
Rxd4 34. Ra7+ Kh8 35. Bf3 Nf4+ 36. Kg3 Rd3 37. Re3 Rxe3 38. fxe3 Nd3 39. Bd5
Ne5 40. Re7 Rb8 41. Re6 Rb6 42. h4 Ra6 43. Re8+ Kg7 44. Re7+ Kf8 45. Re6 Ra3
46. Kf4 Ra4+ 47. e4 Ra6 $11 48. h5 Kg7 49. Re7+ Kf6 50. Re6+ Kg7 51. Re7+ Kf6
52. Re6+ $11 1/2-1/2

[Event "ch-city  open-A"]
[Site "Warszawa"]
[Date "2011.05.10"]
[Round "4.5"]
[White "Przezdziecka, Marta"]
[Black "Strzemiecki, Zbigniew"]
[Result "0-1"]
[WhiteElo "2245"]
[BlackElo "2422"]
[PlyCount "166"]
[EventDate "2011.05.07"]
[EventRounds "9"]
[EventCountry "POL"]

1. Nf3 Nf6 2. g3 b5 3. Bg2 Bb7 4. O-O e6 5. d3 c5 6. e4 d6 7. a4 b4 8. Nbd2 Qc7
9. Nc4 Nbd7 10. Bf4 e5 11. Bd2 g6 12. Qc1 Bg7 13. Nh4 O-O 14. f4 d5 15. exd5
Nxd5 16. f5 N5f6 17. Bxb7 Qxb7 18. Bh6 e4 19. Bxg7 Kxg7 20. fxg6 fxg6 21. Qg5
Qc6 22. Rae1 Rae8 23. Nf5+ Kh8 24. Nfd6 Re6 25. Nxe4 Nxe4 26. Rxf8+ Nxf8 27.
Rxe4 Rxe4 28. dxe4 Qxe4 29. Qxc5 Qe1+ 30. Kg2 Qe2+ 31. Qf2 Qe4+ 32. Kg1 Ne6 33.
Nd6 Qd5 34. Qf6+ Kg8 35. Qf7+ Kh8 36. Qe8+ Kg7 37. Qd7+ Kg8 38. Qf7+ Kh8 39.
Qf6+ Kg8 40. Qf7+ Kh8 41. Qe8+ Kg7 42. Qd7+ Kg8 43. Qc8+ Kg7 44. Qb7+ Qxb7 45.
Nxb7 Nd4 46. Kf2 Nxc2 47. Nd8 Kf6 48. Nc6 Ke6 49. Nxa7 Kd5 50. Nb5 Kc4 51. Nd6+
Kb3 52. a5 Nd4 53. a6 Nc6 54. Ke3 Kxb2 55. Kd3 b3 56. Nc4+ Ka2 57. Ke4 b2 58.
Nd2 Ka3 59. Kf4 Kb4 60. Ke3 Kc3 61. Nb1+ Kc2 62. Na3+ Kb3 63. Nb1 Kc2 64. Na3+
Kc1 65. Kf4 h6 66. h4 Na7 67. Ke5 Nb5 68. Kf6 Nxa3 69. a7 b1=Q 70. a8=Q Qd3 71.
Qb8 Nc4 72. Qf4+ Kc2 73. Kg7 h5 74. Qf6 Ne3 75. Qxg6 Nf5+ 76. Kf6 Nxg3 77. Qe8
Qf5+ 78. Kg7 Qg4+ 79. Kh7 Qxh4 80. Qc6+ Kd2 81. Qg2+ Ke1 82. Qg1+ Nf1 83. Kh6
Qg4 0-1

[Event "ch-city  open-A"]
[Site "Warszawa"]
[Date "2011.05.10"]
[Round "4.6"]
[White "Malec, Sebastian"]
[Black "Nurkiewicz, Maciej"]
[Result "0-1"]
[WhiteElo "2167"]
[BlackElo "2417"]
[PlyCount "86"]
[EventDate "2011.05.07"]
[EventRounds "9"]
[EventCountry "POL"]

1. e4 e5 2. Nf3 Nc6 3. Bb5 a6 4. Bxc6 dxc6 5. O-O f6 6. d4 exd4 7. Nxd4 c5 8.
Ne2 Qxd1 9. Rxd1 Bd7 10. Nbc3 O-O-O 11. Be3 Re8 12. Rd2 Bc6 13. Rad1 b6 14. f3
Ne7 15. Nf4 Ng6 16. Nxg6 hxg6 17. Bf4 Be7 18. Nd5 Bd8 19. Re2 f5 20. e5 g5 21.
Bc1 Bb5 22. Ree1 Bd7 23. b3 Rh6 24. Bb2 Be6 25. c4 c6 26. Ne3 Reh8 27. h3 g4
28. f4 gxh3 29. g3 h2+ 30. Kh1 g5 31. Ng2 b5 32. Bc1 g4 33. Ne3 Rh3 34. Rd6
R8h6 35. Nxg4 Rg6 36. Nxh2 bxc4 37. bxc4 Ba5 38. Re3 Rgh6 39. Rxc6+ Kb7 40.
Rxe6 Rxh2+ 41. Kg1 Rh1+ 42. Kg2 R6h2+ 43. Kf3 Rf1# 0-1

[Event "ch-city  open-A"]
[Site "Warszawa"]
[Date "2011.05.10"]
[Round "4.7"]
[White "Potocki, Karol"]
[Black "Nguyen, Piotr"]
[Result "0-1"]
[WhiteElo "1894"]
[BlackElo "2397"]
[PlyCount "58"]
[EventDate "2011.05.07"]
[EventRounds "9"]
[EventCountry "POL"]

1. d4 e6 2. c4 b6 3. e4 Bb7 4. Nc3 Bb4 5. Bd3 f5 6. d5 Qe7 7. Nge2 fxe4 8. Bxe4
exd5 9. Bxd5 Bxc3+ 10. bxc3 Nc6 11. O-O O-O-O 12. Nd4 Nf6 13. Re1 Qc5 14. Nb3
Qd6 15. a4 Rhe8 16. Ba3 Qf4 17. Qd2 Qxd2 18. Nxd2 d6 19. f4 Kd7 20. Bf7 Re7 21.
Rxe7+ Nxe7 22. Re1 Rf8 23. Be6+ Kd8 24. a5 Ng6 25. axb6 axb6 26. c5 bxc5 27. g3
Re8 28. f5 Nf8 29. Rb1 Nxe6 0-1

[Event "ch-city  open-A"]
[Site "Warszawa"]
[Date "2011.05.10"]
[Round "4.8"]
[White "Szymczak, Rafal"]
[Black "Alvarado, Carlos"]
[Result "0-1"]
[WhiteElo "2102"]
[BlackElo "2203"]
[PlyCount "40"]
[EventDate "2011.05.07"]
[EventRounds "9"]
[EventCountry "POL"]

1. f4 d5 2. Nf3 g6 3. g3 Bg7 4. d3 Nh6 5. Bg2 O-O 6. c3 Nc6 7. O-O Qd6 8. e4
dxe4 9. dxe4 Qc5+ 10. Kh1 Rd8 11. Qe2 Be6 12. Na3 a6 13. Be3 Qh5 14. e5 Bg4 15.
Rad1 Nf5 16. Qf2 Rxd1 17. Rxd1 f6 18. exf6 exf6 19. Nc2 Re8 20. Bc1 Re2 0-1

[Event "ch-city  open-A"]
[Site "Warszawa"]
[Date "2011.05.10"]
[Round "4.9"]
[White "Liberadzki, Slawomir"]
[Black "Eggink, Ryszard"]
[Result "1/2-1/2"]
[WhiteElo "2050"]
[BlackElo "1914"]
[PlyCount "95"]
[EventDate "2011.05.07"]
[EventRounds "9"]
[EventCountry "POL"]

1. e4 c5 2. c3 d5 3. exd5 Qxd5 4. d4 Nc6 5. Nf3 Bg4 6. Nbd2 cxd4 7. Bc4 Bxf3 8.
Qb3 Qe5+ 9. Kf1 Na5 10. Nxf3 Nxb3 11. Nxe5 Nxa1 12. Bb5+ Kd8 13. Nxf7+ Kc7 14.
Bd3 e5 15. cxd4 e4 16. Bb1 Bd6 17. Nxh8 Rf8 18. Bg5 Ne7 19. Bxe4 Nf5 20. Ke2
Nxd4+ 21. Kd3 Nac2 22. Rc1 Kb6 23. Bd2 Rxh8 24. Bc3 Rd8 25. Kc4 Bf4 26. Rd1
Rc8+ 27. Kd3 Rd8 28. Kc4 $11 Kc7 29. a4 Rd6 30. Bxd4 Nxd4 31. Rxd4 Bxh2 32.
Bxh7 Be5 33. Rxd6 Kxd6 34. b3 b6 35. Kd3 Kc5 36. Ke4 Ba1 37. Kf5 Kb4 38. Bg8 b5
39. axb5 Kxb5 40. Be6 Kb4 41. f4 a5 42. g4 a4 43. bxa4 Kxa4 44. Kg6 Kb5 45. f5
Kc6 46. Kf7 Kb6 47. g5 Ka6 48. f6 $11 1/2-1/2

[Event "ch-city  open-A"]
[Site "Warszawa"]
[Date "2011.05.10"]
[Round "4.10"]
[White "Sielicki, Tomasz"]
[Black "Nowicki, Bartosz"]
[Result "1/2-1/2"]
[WhiteElo "2026"]
[BlackElo "2138"]
[PlyCount "76"]
[EventDate "2011.05.07"]
[EventRounds "9"]
[EventCountry "POL"]

1. d4 d6 2. e4 g6 3. Nc3 Bg7 4. f4 a6 5. Nf3 b5 6. Bd3 Nd7 7. e5 Bb7 8. Qe2 e6
9. Ne4 Bxe4 10. Bxe4 d5 11. Bd3 c5 12. dxc5 Nxc5 13. O-O Ne7 14. Be3 Rc8 15.
Bxc5 Rxc5 16. a4 O-O 17. axb5 axb5 18. b4 Rc3 19. Nd4 Qb6 20. Qf2 Rb8 21. Ra5
Bf8 22. Nxb5 Qxf2+ 23. Kxf2 Rxd3 24. cxd3 Nc6 25. Nd6 Nxa5 26. bxa5 Rb2+ 27.
Kf3 Ra2 28. Rc1 Rxa5 29. Rc7 Ra3 30. Nxf7 Rxd3+ 31. Kg4 Ra3 32. Ng5 h5+ 33. Kh4
Ra6 34. Nf7 Ra2 35. Kh3 d4 36. Ng5 d3 37. Rd7 d2 38. Ne4 Bb4 1/2-1/2

[Event "ch-city  open-A"]
[Site "Warszawa"]
[Date "2011.05.10"]
[Round "4.12"]
[White "Grochulski, Grzegorz"]
[Black "Winiarski, Mikolaj Olaf"]
[Result "1-0"]
[WhiteElo "2057"]
[BlackElo "1857"]
[PlyCount "97"]
[EventDate "2011.05.07"]
[EventRounds "9"]
[EventCountry "POL"]

1. c4 e5 2. g3 d6 3. Bg2 g6 4. Nc3 Bg7 5. e3 Nc6 6. Nge2 f5 7. d3 Nf6 8. O-O
O-O 9. Rb1 Ne7 10. b4 c6 11. a4 Be6 12. b5 Qd7 13. Ba3 g5 14. f4 gxf4 15. exf4
Ng6 16. fxe5 Nxe5 17. Bc1 d5 18. Nf4 dxc4 19. Re1 Nd5 20. Ncxd5 Bxd5 21. dxc4
Bxg2 22. Qxd7 Nxd7 23. Kxg2 Nb6 24. bxc6 bxc6 25. Re6 Rac8 26. Be3 Nxc4 27.
Bxa7 c5 $11 28. Rc1 Rf7 29. Rxc4 Rxa7 30. Rd6 Rca8 31. Rd5 Bf8 32. Rxf5 Rxa4
33. Rc1 R4a6 34. Nh5 Rc6 35. Rc4 Ra2+ 36. Kh3 Rg6 37. Rcf4 Ra8 38. Nf6+ Kh8 39.
Nd7 Be7 40. Rf7 Rh6+ 41. Kg4 Rg6+ 42. Kh3 Rh6+ 43. Kg4 Rg6+ 44. Kf5 Bd6 45. Rh4
Rg7 46. Rxg7 Kxg7 47. Nf6 h6 48. Ke6 Ra6 49. Rg4+ 1-0

[Event "ch-city  open-A"]
[Site "Warszawa"]
[Date "2011.05.10"]
[Round "4.15"]
[White "Pastuszko, Kinga"]
[Black "Piotrowski, Arkadiusz"]
[Result "1/2-1/2"]
[WhiteElo "1862"]
[BlackElo "1919"]
[PlyCount "69"]
[EventDate "2011.05.07"]
[EventRounds "9"]
[EventCountry "POL"]

1. e4 c6 2. d4 d5 3. exd5 cxd5 4. Bd3 Nc6 5. c3 Nf6 6. h3 g6 7. Nf3 Bg7 8. O-O
O-O 9. Bf4 Qb6 10. Qb3 Qxb3 11. axb3 Re8 12. Nbd2 b6 13. Ne5 Nxe5 14. Bxe5 Bb7
15. Ba6 Bc6 16. Rfe1 Nd7 17. Bxg7 Kxg7 18. b4 b5 19. Nb3 Rab8 20. Nc5 Nb6 21.
b3 Na8 22. f3 Nc7 23. Bb7 Bxb7 24. Rxa7 Ne6 25. Rxb7 Rxb7 26. Nxb7 Ra8 27. Nc5
Nf4 28. Rxe7 Ra2 29. Kf1 Kf6 30. Rb7 Ra1+ 31. Kf2 Ra2+ 32. Kf1 Ra1+ 33. Kf2
Ra2+ 34. Kf1 Ra1+ 35. Kf2 1/2-1/2

[Event "ch-city  open-A"]
[Site "Warszawa"]
[Date "2011.05.10"]
[Round "4.16"]
[White "Kuciel, Wladyslaw"]
[Black "Zaczek, Jonathon"]
[Result "0-1"]
[WhiteElo "2030"]
[BlackElo "2126"]
[PlyCount "46"]
[EventDate "2011.05.07"]
[EventRounds "9"]
[EventCountry "POL"]

1. d4 Nf6 2. Nf3 g6 3. c4 Bg7 4. Nc3 d5 5. e3 O-O 6. cxd5 Nxd5 7. Bc4 Nb6 8.
Bb3 Nc6 9. O-O Na5 10. Bc2 Be6 11. Ng5 Bc4 12. Re1 e5 13. Nf3 exd4 14. exd4 Nc6
15. Be3 Nd5 16. Ne4 Nxe3 17. fxe3 Re8 18. b3 Bd5 19. Nc5 Bxf3 20. Qxf3 Nxd4 21.
exd4 Qxd4+ 22. Kh1 Qxc5 23. Rf1 Bxa1 0-1